00551nam a2200109Ia 4500008004100000050001800041245020500059260003300264300001100297650007300308700006000381120721s9999 xx 000 0 und d aK5000 A3 1996 aLa ciencia penal y la política criminal en el umbral del siglo XXI : coloquio internacional : con motivo de la instauración del Instituto Nacional de Ciencias Penales (INACIPE) (1996 : ENE. 22-26) a[México] : INACIPE, [1998] a470 p. a1. Derecho penal - Congresos 2. Derecho penal - México - Congresos aI. Instituto Nacional de Ciencias Penales (México)Ì